000 00768nam a2200229 i 4500
001 bg
100 1 _aMAKOWSKI, Rajmund
245 1 0 _aPoradnik dla kadr finansowo-księgowych :
_brachunkowość od 1995, denominacja złotego /
_cRajmund Makowski.
260 _aBydgoszcz :
_bOficyna Wydawnicza Ośrodka Postępu Organizacyjnego,
_c1995.
300 _a202 s. ;
_c21 cm.
490 1 _aBiblioteka Menedżera i Służby Pracowniczej ;
_vz. 93
650 9 _aRachunkowość
_xprawo
_zPolska
655 _aPoradniki
830 _aBiblioteka Menedżera i Służby Pracowniczej ;
020 _a8385731679
040 _cBPK
041 0 _apl
080 _a342.951:351.72:657](438)
920 _a83-85731-67-9
942 _cKS
008 s pl f |000 0 pol
999 _c25262
_d25262
856 _uhttp://koha.tu.koszalin.pl/cgi-bin/koha/opac-detail.pl?biblionumber=25262
_yKatalog online BPK